Ars sacra (Record no. 179910)

MARC details
000 -LEADER
campo de control de longitud fija 01056nam a2200301 i 4500
001 - NÚMERO DE CONTROL
campo de control 179910
003 - IDENTIFICADOR DE NÚMERO DE CONTROL
campo de control ES-MaACL
005 - FECHA Y HORA DE LA ÚLTIMA TRANSACCIÓN
campo de control 20250823102626.0
008 - DATOS DE LONGITUD FIJA--INFORMACIÓN GENERAL
campo de control de longitud fija 120223s2011 sp |||| | spa d
020 ## - NÚMERO INTERNACIONAL ESTÁNDAR DEL LIBRO
Número Internacional Estándar del Libro 978-84-938154-1-7
080 ## - NÚMERO DE LA CLASIFICACIÓN DECIMAL UNIVERSAL
Número de la Clasificación Decimal Universal 821.134.2-14"19"
100 1# - ENTRADA PRINCIPAL--NOMBRE DE PERSONA
Nombre de persona Galán, Ilia,
Fechas asociadas al nombre 1966-
9 (RLIN) 234259
245 10 - MENCIÓN DEL TÍTULO
Título Ars sacra
Resto del título : (Deus in omnia vel infinitus in me) /
Mención de responsabilidad, etc. Ilia Galán.
250 ## - MENCION DE EDICION
Mención de edición 1ª ed.
260 ## - PUBLICACIÓN, DISTRIBUCIÓN, ETC.
Lugar de publicación, distribución, etc. Madrid :
Nombre del editor, distribuidor, etc. Libros del Aire,
Fecha de publicación, distribución, etc. 2011.
300 ## - DESCRIPCIÓN FÍSICA
Extensión 92 p. ;
Dimensiones 22 cm +
Material acompañante/anejo 2 CDs.
490 1# - MENCIÓN DE SERIE
Mención de serie Jardín cerrado ;
Designación de volumen o secuencia 2/2011
650 07 - PUNTO DE ACCESO ADICIONAL DE MATERIA--TÉRMINO DE MATERIA
Término de materia o nombre geográfico como elemento de entrada Música para piano
Fuente del encabezamiento o término embne
9 (RLIN) 15415
700 1# - ENTRADA AGREGADA--NOMBRE PERSONAL
Nombre de persona Bonnín de Góngora, Josué.
9 (RLIN) 147848
700 1# - ENTRADA AGREGADA--NOMBRE PERSONAL
Nombre de persona Taibo, Rafael,
Fechas asociadas al nombre 1935-
9 (RLIN) 109077
830 0# - PUNTO DE ACCESO ADICIONAL DE SERIE-TÍTULO UNIFORME
Título uniforme Jardín cerrado ;
Designación de volumen o secuencia 2/2011
9 (RLIN) 191108
852 ## - LOCALIZACIÓN
Ubicación ES-MaACL
itemnumber 186813
Sublocalización o colección R.146898
Número de control de estantería A-11990
Signatura antigua Olim: N-4995
Ubicación en estantería Depósito 1
Encuadernación Donación: Ilia Galan
852 ## - LOCALIZACIÓN
Ubicación ES-MaACL
Número de control de estantería ROT 6/2/17
Ubicación en estantería Depósito
itemnumber 186813
852 ## - LOCALIZACIÓN
Ubicación ES-MaACL
Número de control de estantería ROT 6/2/18
Ubicación en estantería Depósito
itemnumber 186814
903 ## - NOMBRE PERSONAL DE DONANTE
a Galán, Ilia,
d 1966-
e Donante
9 234259
942 ## - ELEMENTOS DE ENTRADA SECUNDARIOS (KOHA)
Fuente del sistema de clasificación o colocación Clasificación decimal universal
Tipo de ítem Koha Libro impreso
Holdings
Estatus retirado Estado de pérdida Fuente del sistema de clasificación o colocación Estado de daño No para préstamo Biblioteca de origen Biblioteca actual Ubicación en estantería Fecha de adquisición Fuente de adquisición Número de control de estantería Total de préstamos Signatura topográfica completa Código de barras Visto por última vez Precio de reemplazo Tipo de ítem Koha
    Clasificación decimal universal     Biblioteca del Ateneo de Madrid Biblioteca del Ateneo de Madrid Depósito 1 23/02/2012 Donación 1   A-11990 1189004 23/02/2023 23/02/2023 Libro impreso
    Clasificación decimal universal     Biblioteca del Ateneo de Madrid Biblioteca del Ateneo de Madrid Rotativo 14/05/2018       ROT 6/2/17 1198844 23/02/2023 23/02/2023 Archivo de ordenador en CD-ROM, CD o disquete
    Clasificación decimal universal     Biblioteca del Ateneo de Madrid Biblioteca del Ateneo de Madrid Rotativo 14/05/2018       ROT 6/2/18 1198845 23/02/2023 23/02/2023 Archivo de ordenador en CD-ROM, CD o disquete